Responses for Show #2701 - Monday, May 6, 1996

1996 Teen Tournament quarterfinal game 1.

Contestants

[<< previous game]

Geoff Hatchard, a senior from Reese, Michigan

Talisha Burton, a senior from Philadelphia, Pennsylvania

Julee Baber, a senior from Winchester, Kentucky

[next game >>]

Jeopardy! Round responses

ANIMALS
FAMILIAR PHRASES
STATE CAPITALS
POP MUSIC
SAINTS
FIRST NOVELS
(Alex: I will give you the title of the novel; you identify the author.)
    $100 22
a cockatoo

Talisha
    $100 17
clear

Geoff
    $100 1
Atlanta

Talisha
    $100 12
Michael Jackson

Julee
    $100 6
a lamb

Talisha
    $100 7
Robert Louis Stevenson

Julee
    $200 23
(Julee: What is a kangaroo?)

wombat

JuleeTalisha
    $200 18
9

Julee
    $200 2
Madison

Julee
    $200 13
U2

Julee
    $200 27
Francis

Geoff
    $200 8
Anne Rice

Talisha
    $300 24
a panda

Julee
    $300 19
good news

Geoff
    $300 3
Santa Fe

Talisha
    $300 14
Sheryl Crow

Julee
    $300 28
Ireland

Julee
    $300 9
J.D. Salinger

Julee
    $400 25
raccoon

Julee
    $400 20
a tower

Geoff
    $400 4
Frankfort

Geoff
    $400 15
R.E.M.

Julee
    $400 29
the Holy Roman Empire

Talisha
    $400 10
Harper Lee

Talisha
    $500 26
a tick

Talisha
    $500 21
grata

Talisha
    $500 5
(Geoff: What is Montpelier and...)
(Alex: Hurry.)

Montpelier (Vermont) & Montgomery, Alabama

Geoff
    $500 16
Nine Inch Nails

Geoff
    $500 30
(Julee: Who is Peter?)

Matthew

JuleeGeoff
    $500 11
(Julee: Who is... Garner?)

Robert James Waller

Julee
Triple Stumper

Scores at the first commercial break (after clue 15):

Julee Talisha Geoff
$1,100 $1,100 -$100

Scores at the end of the Jeopardy! Round:

Julee Talisha Geoff
$1,600 $2,800 $1,900

Double Jeopardy! Round responses

PLANTS & TREES
COLLEGES & UNIVERSITIES
INVENTORS
THE MOVIES
ISLANDS
HISTORY
    $200 30
(Geoff: What is a [**]?)[Geoff was ruled incorrect and the decision was reversed after the break.]

*a pine (**a fir)

JuleeGeoff
    $200 6
(Julee: What is... Yale?)

Harvard

JuleeGeoff
    $200 21
(Talisha: Who is, uh, Alexander Graham Bell?)

Thomas Edison

JuleeTalisha
    $200 11
Pierce Brosnan

Geoff
    $200 16
Sicily

Geoff
    $200 1
Benjamin Franklin

Julee
    $400 29
aloe

Talisha
    $400 7
Florida State

Geoff
    $400 22
Fulton

Geoff
    $400 12
Grumpier Old Men

Julee
    $400 17
(Julee: What is Staten Island?)

Manhattan

Julee
Triple Stumper
    $400 2
Augustus

Geoff
    $600 28
maple

Geoff
    $600 8
Ohio State

Geoff
    $700 23
(Geoff: Who is Celsius?)

Lord Kelvin

Geoff
    $2,000 13
(Alex: The movie was Jumanji.)

Robin Williams

Julee
    $600 18
(Talisha: What is Prince Edward Island?)

Newfoundland

JuleeTalisha
    $600 3
Alexander the Great

Geoff
    $800 26
(Geoff: What is papyrus?)

cotton

Geoff
Triple Stumper
    $800 9
South Carolina

Talisha
    $800 24
Otis

Julee
    $800 14
Apollo 13

Geoff
    $800 19
the Philippines

Julee
    $800 4
Cambodia

Geoff
    $1000 27
a fern

Talisha
    $1000 10
Stanford

Talisha
    $1000 25
(Alex: Less than a minute to go.)

Yale

Triple Stumper
    $1000 15
Tim Allen

Julee
    $1000 20
Sri Lanka

Geoff
    $1000 5
the Hapsburg Dynasty

Julee

Scores at the end of the Double Jeopardy! Round:

Julee Talisha Geoff
$8,200 $5,200 $6,800

Final Jeopardy! Round responses

DATES
TalishaWhat is July 4th?
$3,800
GeoffWhat is July 4th?
$4,700
JuleeWhat is July 4th?
$1,800
July 4th

Final scores:

Julee Talisha Geoff
$10,000 $9,000 $11,500
2nd place: $1,000 if eliminated 3rd place: $1,000 if eliminated Automatic semifinalist

Game dynamics:

Coryat scores:

Julee Talisha Geoff
$6,800 $5,200 $8,000
21 R
(including 1 DD),
5 W
14 R,
2 W
20 R,
3 W
(including 2 DDs)

Combined Coryat: $20,000

[game clues] [game scores] [suggest correction]

Game tape date: Unknown
The J! Archive is created by fans, for fans. Scraping, republication, monetization, and malicious use prohibited; this site may use cookies and collect identifying information. See terms. The Jeopardy! game show and all elements thereof, including but not limited to copyright and trademark thereto, are the property of Jeopardy Productions, Inc. and are protected under law. This website is not affiliated with, sponsored by, or operated by Jeopardy Productions, Inc. Join the discussion at JBoard.tv.